000 01197nam a22002057a 4500
999 _c58620
_d58620
003 Ge_BSU
005 20220615130641.0
008 220615s2016 ge ||||| |||| 00| 0 geo d
020 _a9789941466731
041 _ageo
080 _a821.353.1-32 ნ-69
100 _aნიჟარაძე, გურანდა
_914102
245 _aაუტ-საიდერის სოციალური ქსელი /
_cგურანდა ნიჟარაძე ; რედაქტორი ციალა ლაგვილავა ; გარეკანის დიზაინერი ილია ხელაია ; გარეკანის ფოტოს ავტორი დეა სოსელია.
264 _aთბილისი :
_bინტელექტი,
_c2016.
300 _a284 გვ. ;
_b20 სმ.
700 _aლაგვილავა, ციალა
_eრედაქტორი
_914103
700 _aხელაია, ილია
_eგარეკანის დიზაინერი
_914070
700 _aსოსელია, დეა
_eგარეკანის ფოტოს ავტორი
_914104
942 _2udc
_cBK